[Event "World Rapid Team 2023"]
[Site "Dusseldorf GER"]
[Date "2023.08.26"]
[Round "1.5"]
[Board "3"]
[White "Fridman, Daniel"]
[Black "Bordin, Silvia"]
[Result "1-0"]
[WhiteTitle "GM"]
[WhiteElo "2586"]
[BlackElo "1933"]
[WhiteTeam "Ashdod Elit Chess Club"]
[BlackTeam "Mitropa Chess Association"]
[WhiteFideId "11600454"]
[BlackFideId "2837612"]
[EventDate "2023.08.26"]

1. d4 d5 2. Nf3 e6 3. c4 c5 4. cxd5 exd5 5. g3 Nc6 6. Bg2 Nf6 7. O-O c4 8. b3
cxb3 9. Qxb3 Be7 10. Bg5 O-O 11. e3 Na5 12. Qd3 Nc4 13. Nc3 Nb6 14. a4 Be6 15.
Rfb1 Rb8 16. Bf4 Rc8 17. a5 Nc4 18. Rxb7 Nxa5 19. Rxa7 Nc4 20. Ng5 h6 21. Nxe6
fxe6 22. Nb5 Nh5 23. Be5 Qe8 24. Nc7 Qf7 25. f4 Nxe5 26. fxe5 Qf2+ 27. Kh1 Nxg3+
28. hxg3 Qxg3 29. Qe2 Rf2 30. Qxf2 Qxf2 31. Nxe6 Rc2 32. Nf4 Bg5 33. Bxd5+ Kf8
34. Ra8+ Ke7 35. R1a7+ 1-0

[Event "World Rapid Team 2023"]
[Site "Dusseldorf GER"]
[Date "2023.08.26"]
[Round "1.5"]
[Board "4"]
[White "Peglau, Charis"]
[Black "Smirin, Ilia"]
[Result "0-1"]
[WhiteTitle "WFM"]
[BlackTitle "GM"]
[WhiteElo "2094"]
[BlackElo "2574"]
[WhiteTeam "Mitropa Chess Association"]
[BlackTeam "Ashdod Elit Chess Club"]
[WhiteFideId "16219996"]
[BlackFideId "2801990"]
[EventDate "2023.08.26"]

1. d4 Nf6 2. c4 g6 3. f3 Bg7 4. e4 d6 5. Be3 O-O 6. Nc3 Nc6 7. Bd3 e5 8. d5 Nd4
9. Nge2 Nh5 10. Qd2 c5 11. dxc6 bxc6 12. O-O Be6 13. f4 Nxe2+ 14. Nxe2 exf4 15.
Nxf4 Nxf4 16. Rxf4 d5 17. cxd5 cxd5 18. exd5 Qxd5 19. Be4 Qxd2 20. Bxd2 Bxb2 21.
Bxa8 Bxa1 22. Bf3 Rb8 23. a4 f5 24. Rb4 Rxb4 25. Bxb4 Bd4+ 26. Kf1 Kf7 27. Ke2
Bc4+ 28. Kd2 Ke6 29. Bc6 Bd5 30. Bxd5+ Kxd5 31. Kd3 g5 32. h3 h5 33. Be7 g4 34.
hxg4 fxg4 35. Bd8 a6 36. Be7 Bf2 37. Bb4 h4 38. Ke2 Bg3 39. Bd2 Kc4 40. a5 Kb5
41. Bc3 Bc7 42. Bf6 h3 43. gxh3 gxh3 44. Kf3 Kxa5 45. Bg5 Kb5 46. Bd2 Bd6 47.
Be1 Bb4 48. Bh4 a5 49. Bf6 a4 50. Kg3 a3 51. Kxh3 Kc4 0-1

[Event "World Rapid Team 2023"]
[Site "Dusseldorf GER"]
[Date "2023.08.26"]
[Round "1.5"]
[Board "5"]
[White "Manakova, Maria"]
[Black "Peglau, Dora"]
[Result "1-0"]
[WhiteTitle "WGM"]
[WhiteElo "2137"]
[BlackElo "2052"]
[WhiteTeam "Ashdod Elit Chess Club"]
[BlackTeam "Mitropa Chess Association"]
[WhiteFideId "927007"]
[BlackFideId "16220005"]
[EventDate "2023.08.26"]

1. e4 c6 2. d4 d5 3. exd5 cxd5 4. c4 Nf6 5. Nc3 g6 6. cxd5 Bg7 7. Bc4 O-O 8.
Nge2 Nbd7 9. Nf4 a6 10. a4 Nb6 11. Bb3 Bf5 12. O-O h6 13. a5 Nc8 14. h3 Nd6 15.
Re1 Rc8 16. Qe2 Nfe4 17. Qe3 Re8 18. g4 Nxc3 19. bxc3 Bd7 20. Bd2 Bb5 21. Nxg6
fxg6 22. Qe6+ Nf7 23. d6 Qxd6 24. Qxf7+ Kh7 25. Re6 Qd7 26. Rxg6 1-0

[Event "World Rapid Team 2023"]
[Site "Dusseldorf GER"]
[Date "2023.08.26"]
[Round "1.5"]
[Board "6"]
[White "Peglau, Paul David"]
[Black "Blonder, Daniel"]
[Result "0-1"]
[WhiteElo "1768"]
[BlackElo "1824"]
[WhiteTeam "Mitropa Chess Association"]
[BlackTeam "Ashdod Elit Chess Club"]
[WhiteFideId "16290550"]
[BlackFideId "2841754"]
[EventDate "2023.08.26"]

1. d4 Nf6 2. c4 g6 3. f3 Bg7 4. e4 d6 5. Nc3 O-O 6. Be3 c5 7. d5 e6 8. Bd3 exd5
9. cxd5 a6 10. a4 Re8 11. Nge2 Nbd7 12. O-O Rb8 13. Rb1 Ne5 14. Bc2 b5 15. axb5
axb5 16. b4 Nc4 17. Bc1 cxb4 18. Rxb4 Qa5 19. Rb3 b4 20. Nd4 Bd7 21. Nce2 Rec8
22. Rb1 Ne8 23. Nb3 Qb6+ 24. Kh1 Ne3 25. Bxe3 Qxe3 26. Qd3 Qg5 27. Rfc1 Bb5 28.
Qd1 Qh4 29. Bd3 Bxd3 30. Qxd3 Be5 31. g3 Qh6 32. f4 Bf6 33. Nbd4 Rxc1+ 34. Rxc1
Qg7 35. Nc6 Rc8 36. Nxb4 Rxc1+ 37. Nxc1 h5 38. Nc6 h4 39. g4 Bb2 40. Ne2 Nf6 41.
h3 g5 42. Ne7+ Kh8 43. Nf5 Qf8 44. Qc2 Qb8 45. fxg5 Nd7 46. Qb1 Qb4 47. Nf4 Qd2
48. Ng2 Qc3 49. Nf4 Qf3+ 50. Ng2 Qxh3+ 51. Kg1 Qa3 52. Qf1 Ne5 53. Ngxh4 Nxg4
54. Nh6 Qg3+ 55. Qg2 Qe1+ 0-1

[Event "World Rapid Team 2023"]
[Site "Dusseldorf GER"]
[Date "2023.08.26"]
[Round "1.6"]
[Board "1"]
[White "Van Dael, Siem"]
[Black "Caruana, Fabiano"]
[Result "1/2-1/2"]
[WhiteTitle "FM"]
[BlackTitle "GM"]
[WhiteElo "2285"]
[BlackElo "2782"]
[WhiteTeam "Blerickse Schaakvereniging"]
[BlackTeam "Kompetenzakademie Allstars"]
[WhiteFideId "1049771"]
[BlackFideId "2020009"]
[EventDate "2023.08.26"]

1. e4 c5 2. Nf3 Nc6 3. d4 cxd4 4. Nxd4 Nf6 5. Nc3 e5 6. Ndb5 d6 7. Bg5 a6 8. Na3
b5 9. Nd5 Be7 10. Bxf6 Bxf6 11. c3 Rb8 12. Nc2 O-O 13. a4 bxa4 14. Ncb4 Nxb4 15.
cxb4 Bb7 16. Rxa4 Qc8 17. Nc3 Rd8 18. Be2 Bc6 19. Bxa6 Bxa4 20. Qxa4 Qg4 21. O-O
d5 22. f3 Qg5 23. Nxd5 Qd2 24. Qc6 Qxb2 25. b5 Qa3 26. Qc4 Rd6 27. Rc1 Bd8 28.
Rc3 Qa5 29. g3 h5 30. Kg2 h4 31. Qc5 Rh6 32. Qa3 h3+ 33. Kf1 Rxb5 34. Bxb5 Qxb5+
35. Kf2 Ra6 36. Qb3 Qxb3 37. Rxb3 Ra2+ 38. Kg1 Rg2+ 39. Kh1 Kh7 40. Ra3 Rd2 41.
Kg1 f5 42. Rb3 Rg2+ 43. Kh1 Re2 44. Kg1 fxe4 45. fxe4 Rxe4 46. Kf2 Rd4 47. Nc3
Rd3 48. Ke2 e4 49. Rb8 Bc7 50. Nxe4 Ra3 51. Rc8 Be5 52. Ng5+ Kg6 53. Nxh3 Ra2+
54. Kf3 Rxh2 55. Nf4+ Kf7 56. Rc5 Bd6 57. Rf5+ Ke7 58. Rg5 Kf7 59. Rf5+ Kg8 60.
Rd5 Be7 61. Kg4 Ra2 62. Kf5 Ra6 63. Kg4 Bf6 64. Kf5 Ba1 65. Kg4 Ra3 66. Rd3 Ra4
67. Rd5 Bf6 68. Kf5 Kh7 69. g4 Bh4 70. Ng6 Be1 71. Nf8+ Kg8 72. Ng6 Ra8 73. Ne7+
Kf7 74. Ng6 Bc3 1/2-1/2

[Event "World Rapid Team 2023"]
[Site "Dusseldorf GER"]
[Date "2023.08.26"]
[Round "1.6"]
[Board "2"]
[White "Aronian, Levon"]
[Black "Heinert, Eugen"]
[Result "1-0"]
[WhiteTitle "GM"]
[WhiteElo "2742"]
[BlackElo "2121"]
[WhiteTeam "Kompetenzakademie Allstars"]
[BlackTeam "Blerickse Schaakvereniging"]
[WhiteFideId "13300474"]
[BlackFideId "24621390"]
[EventDate "2023.08.26"]

1. d4 d5 2. Bf4 c5 3. e3 cxd4 4. exd4 Nc6 5. c3 f6 6. Bb5 a6 7. Bxc6+ bxc6 8.
Nd2 e6 9. Ne2 Ne7 10. h4 c5 11. dxc5 e5 12. Be3 Nf5 13. b4 Be7 14. Nb3 O-O 15.
Qd2 Be6 16. Ng3 Nxh4 17. Rxh4 f5 18. Rh5 g6 19. Bd4 Bf6 20. Rh2 exd4 21. Nxd4
Re8 22. Kf1 Bg5 23. Qd3 Qc7 24. Kg1 a5 25. c6 axb4 26. cxb4 Bf6 27. b5 Qe5 28.
Nge2 Ra4 29. Rd1 Bd8 30. Rh3 f4 31. Nxe6 Rxe6 32. Nc3 Ra3 33. Qxd5 Bc7 34. Qxe5
Bxe5 35. Nd5 Rxa2 36. c7 1-0

[Event "World Rapid Team 2023"]
[Site "Dusseldorf GER"]
[Date "2023.08.26"]
[Round "1.6"]
[Board "4"]
[White "Batsiashvili, Nino"]
[Black "Bergmans, Dirk"]
[Result "1-0"]
[WhiteTitle "GM"]
[WhiteElo "2474"]
[BlackElo "2015"]
[WhiteTeam "Kompetenzakademie Allstars"]
[BlackTeam "Blerickse Schaakvereniging"]
[WhiteFideId "13602993"]
[BlackFideId "1042327"]
[EventDate "2023.08.26"]

1. d4 d5 2. Nf3 e6 3. Bf4 Nf6 4. e3 c5 5. Nbd2 Bd6 6. dxc5 Bxc5 7. Bd3 O-O 8.
O-O Nbd7 9. Qe2 Qe7 10. e4 dxe4 11. Bxe4 h6 12. Bd3 Nd5 13. Bg3 Bd6 14. c4 N5f6
15. Rad1 Bxg3 16. hxg3 Nc5 17. Bb1 Bd7 18. b4 Na4 19. Ne4 Bc6 20. Nxf6+ Qxf6 21.
Qc2 g6 22. Nd4 Be8 23. c5 b5 24. Rd3 a5 25. a3 axb4 26. axb4 Rc8 27. Rfd1 Bc6
28. Nxc6 Rxc6 29. Rf3 Qb2 30. Rb3 Qe5 31. Qe4 Qxe4 32. Bxe4 Rc7 33. Rd6 Rb8 34.
g4 Kf8 35. Kf1 Ke7 36. Rh3 Rh8 37. g5 h5 38. g4 h4 39. Kg2 Nb2 40. Rb6 Nc4 41.
Rxb5 Ne5 42. f4 Nc4 43. Rd3 Ra8 44. Bxa8 1-0

[Event "World Rapid Team 2023"]
[Site "Dusseldorf GER"]
[Date "2023.08.26"]
[Round "1.6"]
[Board "5"]
[White "Alonso, Jose Antonio"]
[Black "Siebrecht, Sebastian"]
[Result "0-1"]
[BlackTitle "GM"]
[WhiteElo "1836"]
[BlackElo "2361"]
[WhiteTeam "Blerickse Schaakvereniging"]
[BlackTeam "Kompetenzakademie Allstars"]
[WhiteFideId "16213130"]
[BlackFideId "4609352"]
[EventDate "2023.08.26"]

1. e4 c5 2. Nc3 e6 3. f4 a6 4. Nf3 b5 5. b3 Bb7 6. d3 d5 7. exd5 exd5 8. Bd2 Nf6
9. h3 d4 10. Qe2+ Qe7 11. Qxe7+ Bxe7 12. Ne2 Nbd7 13. O-O-O O-O 14. Ng3 Rfe8 15.
Re1 Bd6 16. Be2 Nd5 17. f5 Bxg3 0-1

[Event "World Rapid Team 2023"]
[Site "Dusseldorf GER"]
[Date "2023.08.26"]
[Round "1.7"]
[Board "1"]
[White "Jobava, Baadur"]
[Black "Seel, Christian"]
[Result "1-0"]
[WhiteTitle "GM"]
[BlackTitle "IM"]
[WhiteElo "2574"]
[BlackElo "2477"]
[WhiteTeam "Columbus Energy KingsOfChess Krakow"]
[BlackTeam "Aachener Schachverein von 1856"]
[WhiteFideId "13601520"]
[BlackFideId "4663098"]
[EventDate "2023.08.26"]

1. b3 b6 2. e4 Bb7 3. Nc3 g6 4. Bb2 Bg7 5. d4 e6 6. Nf3 Ne7 7. Qd2 d5 8. e5 a6
9. h4 h5 10. O-O-O Bh6 11. Ng5 Nf5 12. g3 Nd7 13. Bh3 c5 14. Ne2 Nxd4 15. Nxd4
cxd4 16. Bxd4 Qe7 17. Kb1 Nc5 18. Qe3 a5 19. f4 Ba6 20. g4 hxg4 21. Bxg4 O-O-O
22. Rh3 Kb7 23. Rdh1 Rc8 24. h5 Bxg5 25. fxg5 gxh5 26. Rxh5 Rxh5 27. Rxh5 Qc7
28. Rh2 a4 29. Bf3 axb3 30. axb3 Qc6 31. Rf2 Rc7 32. Bxc5 bxc5 33. Bh5 d4 34.
Qf3 Qxf3 35. Bxf3+ Kc8 36. Bh5 d3 37. Rxf7 Rxf7 38. Bxf7 dxc2+ 39. Kxc2 Kd7 40.
g6 Ke7 41. Bg8 Kf8 42. Bxe6 Kg7 43. Bf5 Bb7 44. Kc3 Bd5 45. Bd3 Be6 46. Bc4 Bc8
47. Bf7 Ba6 48. b4 cxb4+ 49. Kxb4 Bd3 50. Kc5 1-0

[Event "World Rapid Team 2023"]
[Site "Dusseldorf GER"]
[Date "2023.08.26"]
[Round "1.7"]
[Board "2"]
[White "Vandenbussche, Thibaut"]
[Black "Pakleza, Zbigniew"]
[Result "1/2-1/2"]
[WhiteTitle "IM"]
[BlackTitle "GM"]
[WhiteElo "2439"]
[BlackElo "2482"]
[WhiteTeam "Aachener Schachverein von 1856"]
[BlackTeam "Columbus Energy KingsOfChess Krakow"]
[WhiteFideId "204412"]
[BlackFideId "1119290"]
[EventDate "2023.08.26"]

1. e4 d6 2. d4 Nf6 3. Nc3 c6 4. Nf3 Bg4 5. Be2 e6 6. h3 Bh5 7. O-O Be7 8. e5
dxe5 9. Nxe5 Bxe2 10. Qxe2 Qxd4 11. Rd1 Qb6 12. Bg5 h6 13. Bxf6 gxf6 14. Nc4 Qc7
15. Ne4 Nd7 16. Ned6+ Kf8 17. Qh5 Rh7 18. a4 Rd8 19. Qa5 b6 20. Qc3 Ne5 21. Nxe5
fxe5 22. Nb5 Rxd1+ 23. Rxd1 Qb7 24. Nd6 Qd7 25. Qxe5 f6 26. Qf4 e5 27. Qf5 Qxf5
28. Nxf5 Ke8 29. Nd6+ Kd7 30. Nb5+ Kc8 31. Nd6+ Kc7 32. Nf5 h5 33. Rd3 a5 34.
Kf1 Bc5 35. Ke2 b5 36. b3 bxa4 37. bxa4 Rh8 38. h4 Rb8 39. Rc3 Bb4 40. Rb3 Rd8
41. Rd3 Rg8 42. Rg3 Rd8 43. Rd3 Rg8 44. Ng3 Rg4 45. Nxh5 Re4+ 46. Re3 Rc4 47.
Nxf6 Rxc2+ 48. Kf3 Be7 49. Ng4 Bxh4 50. Rxe5 c5 51. g3 Bd8 52. Ne3 Rc3 53. Ke4
Kc6 54. Re6+ Kd7 55. Ra6 Ra3 56. Kd5 Rxa4 57. Ra7+ Ke8 58. Kxc5 Ra2 59. f4 Rb2
60. Nd5 Rg2 61. Kd6 Rxg3 62. f5 Bg5 63. Ke6 Kf8 1/2-1/2

[Event "World Rapid Team 2023"]
[Site "Dusseldorf GER"]
[Date "2023.08.26"]
[Round "1.7"]
[Board "3"]
[White "Gumularz, Szymon"]
[Black "Koch, Thomas1"]
[Result "1-0"]
[WhiteTitle "GM"]
[BlackTitle "IM"]
[WhiteElo "2588"]
[BlackElo "2426"]
[WhiteTeam "Columbus Energy KingsOfChess Krakow"]
[BlackTeam "Aachener Schachverein von 1856"]
[WhiteFideId "1188062"]
[BlackFideId "4600533"]
[EventDate "2023.08.26"]

1. e4 e5 2. Nf3 Nf6 3. Nxe5 d6 4. Nf3 Nxe4 5. d4 d5 6. Bd3 Be7 7. O-O O-O 8. c4
Nf6 9. Nc3 Nc6 10. cxd5 Nb4 11. Bc4 Nbxd5 12. Re1 c6 13. Bg5 Be6 14. Bb3 Re8 15.
Ne5 Qb6 16. Na4 Qc7 17. Qf3 Bf8 18. Rac1 Qa5 19. h3 Qb4 20. Nd3 Qd6 21. Nac5 b6
22. Nxe6 Rxe6 23. Rxe6 fxe6 24. Bh4 Rc8 25. Re1 Re8 26. g4 Nd7 27. Bg3 Qe7 28.
Kg2 Qf6 29. Qe4 Qf7 30. a3 g6 31. Rc1 Rc8 32. Ba4 c5 33. dxc5 Nxc5 34. Nxc5 Rxc5
35. Re1 Bg7 36. Bd6 Rc8 37. Qxe6 Qxe6 38. Rxe6 Kf7 39. Re2 Rd8 40. Bg3 Bh6 41.
Kf3 Kg7 42. Be5+ Kf8 43. Bb3 Ne7 44. Ke4 Nc6 45. Bc3 Bg7 46. Bxg7+ Kxg7 47. Rc2
Rd4+ 48. Ke3 Rd6 49. f4 b5 50. Rd2 Rxd2 51. Kxd2 h6 52. Ke3 g5 53. fxg5 hxg5 54.
Ke4 Kf6 55. Kd5 Ne5 56. Bd1 Nc4 57. Be2 Nxb2 58. Bxb5 Nd1 59. Kc6 Ke5 60. Kb7 a5
61. Kb6 Kd6 62. Kxa5 Kc5 63. a4 Nf2 64. Bf1 Ne4 65. Ka6 Kb4 66. Bb5 Nf2 67. Kb6
Nxh3 68. a5 Nf4 69. Bc6 Ng6 70. a6 Ne7 71. Bb7 1-0

[Event "World Rapid Team 2023"]
[Site "Dusseldorf GER"]
[Date "2023.08.26"]
[Round "1.7"]
[Board "4"]
[White "Ahn, Martin"]
[Black "Jakubiec, Artur"]
[Result "0-1"]
[WhiteTitle "FM"]
[BlackTitle "GM"]
[WhiteElo "2153"]
[BlackElo "2442"]
[WhiteTeam "Aachener Schachverein von 1856"]
[BlackTeam "Columbus Energy KingsOfChess Krakow"]
[WhiteFideId "200972"]
[BlackFideId "1103261"]
[EventDate "2023.08.26"]

1. e4 c5 2. Nf3 d6 3. Bb5+ Nd7 4. c3 Nf6 5. Qe2 a6 6. Ba4 b5 7. Bc2 e5 8. O-O
Bb7 9. d4 Be7 10. Rd1 Qc7 11. d5 Nb6 12. Nbd2 O-O 13. Nf1 Ne8 14. Ng3 g6 15. Bh6
Ng7 16. Ng5 Bc8 17. h4 Qd8 18. b3 Nd7 19. a4 b4 20. c4 Nf6 21. f3 Kh8 22. Kf2
Ng8 23. Bxg7+ Kxg7 24. Kg1 h6 25. Nh3 Bxh4 26. Nf1 Bxh3 27. gxh3 Nf6 28. Ne3 Nh5
29. Ng2 Bg3 30. Ra2 Qd7 31. Bd3 Qxh3 32. Ne3 Nf4 33. Qf1 Qh5 34. Rdd2 Qg5 35.
Rg2 Nxg2 36. Nxg2 Bf4 37. Qf2 h5 38. Qh4 Qxh4 39. Nxh4 Bg5 40. Ng2 f5 41. Kf2 h4
42. Ra1 h3 43. Ne3 Bxe3+ 44. Kxe3 Kf6 45. Rh1 Rh8 46. Rh2 Rh5 47. Kf2 Rah8 48.
Kg3 Rg5+ 49. Kf2 Rg2+ 50. Rxg2 hxg2 51. Kxg2 Kg5 52. Kg3 Rh1 53. exf5 gxf5 54.
Be2 Rb1 0-1

[Event "World Rapid Team 2023"]
[Site "Dusseldorf GER"]
[Date "2023.08.26"]
[Round "1.7"]
[Board "5"]
[White "Kulon, Klaudia"]
[Black "Ahn, Maximilian"]
[Result "1-0"]
[WhiteTitle "IM"]
[WhiteElo "2320"]
[BlackElo "1690"]
[WhiteTeam "Columbus Energy KingsOfChess Krakow"]
[BlackTeam "Aachener Schachverein von 1856"]
[WhiteFideId "1131044"]
[BlackFideId "255840"]
[EventDate "2023.08.26"]

1. c4 e5 2. g3 d6 3. Bg2 f5 4. Nc3 Nf6 5. e3 Be7 6. Nge2 O-O 7. d4 c6 8. O-O a5
9. Rb1 Na6 10. a3 Nc7 11. b4 axb4 12. axb4 e4 13. d5 cxd5 14. cxd5 Bd7 15. b5
Qe8 16. Qb3 Qh5 17. b6 Na6 18. Ba3 Ng4 19. h3 Ne5 20. Nf4 Qh6 21. Ne6 Nf3+ 22.
Bxf3 exf3 23. Qd1 Bxe6 24. dxe6 Qxe6 25. Qxf3 Bf6 26. Nb5 Be5 27. Qxb7 Nc5 28.
Bxc5 dxc5 29. Nc7 Bxc7 30. bxc7 Rac8 31. Rfd1 Qe7 32. Qd5+ Kh8 33. Rb8 Rxb8 34.
cxb8=Q Rxb8 35. Qxf5 Rf8 36. Rd7 Qxd7 1-0

[Event "World Rapid Team 2023"]
[Site "Dusseldorf GER"]
[Date "2023.08.26"]
[Round "1.7"]
[Board "6"]
[White "Ahn, Anastasia"]
[Black "Przedlacki, Wiktor"]
[Result "0-1"]
[WhiteElo "1592"]
[BlackElo "1702"]
[WhiteTeam "Aachener Schachverein von 1856"]
[BlackTeam "Columbus Energy KingsOfChess Krakow"]
[WhiteFideId "252220"]
[BlackFideId "21099529"]
[EventDate "2023.08.26"]

1. d4 Nf6 2. Nc3 d5 3. Bf4 g6 4. e3 Bg7 5. Nb5 Na6 6. h3 O-O 7. Nf3 c6 8. Nc3
Nb8 9. Be2 Nbd7 10. O-O Re8 11. a4 h6 12. Bh2 Ne4 13. Nxe4 dxe4 14. Nd2 e5 15.
Nxe4 Qe7 16. dxe5 Nxe5 17. Nc3 Be6 18. Bd3 Rad8 19. Qe2 Qb4 20. Na2 Qxa4 21. Nc3
Qb4 22. Rxa7 Qxb2 23. Nd1 Qb6 24. Ra1 Ra8 25. Rxa8 Rxa8 26. f4 Nxd3 27. cxd3 Ra2
28. Qf3 Bf5 29. Nf2 Qc7 30. e4 Bd7 31. f5 Qd8 32. fxg6 fxg6 33. Ng4 Qe7 34. e5
Bf5 35. d4 Ra3 36. Qf4 h5 37. Ne3 Be6 38. g4 hxg4 39. Nxg4 Bf5 40. h4 Qxh4 41.
Nf6+ Bxf6 42. exf6 Qxf4 43. Bxf4 Kf7 44. Be5 Ra2 45. Rf2 Rxf2 46. Kxf2 Ke6 47.
Ke3 g5 48. Kd2 Bg6 49. Ke3 Kd5 50. Kf3 c5 51. Ke3 b5 52. f7 Bxf7 53. Bf6 cxd4+
54. Bxd4 Kc4 55. Bf6 g4 56. Kf4 Be6 57. Ke3 b4 58. Be5 b3 59. Kd2 Bf5 60. Kc1
Kd3 61. Kb2 Be6 62. Kc1 Ke2 63. Kb2 Kf3 64. Kc3 g3 65. Kd2 g2 66. Bd4 Bf5 67.
Ke1 b2 0-1

[Event "World Rapid Team 2023"]
[Site "Dusseldorf GER"]
[Date "2023.08.26"]
[Round "1.8"]
[Board "1"]
[White "Haasler, Andreas"]
[Black "Moussard, Jules"]
[Result "0-1"]
[BlackTitle "GM"]
[WhiteElo "2222"]
[BlackElo "2661"]
[WhiteTeam "MagdeBurg and Friends"]
[BlackTeam "Chessbrah OFM"]
[WhiteFideId "4658906"]
[BlackFideId "642908"]
[EventDate "2023.08.26"]

1. Nf3 c6 2. c4 d5 3. e3 Nf6 4. b3 g6 5. Bb2 Bg7 6. Nc3 O-O 7. Be2 Bg4 8. O-O
Nbd7 9. cxd5 Nxd5 10. Rc1 e5 11. h3 Be6 12. Ne4 h6 13. Ba3 f5 14. Bxf8 Qxf8 15.
Nc3 e4 16. Nd4 Bxd4 17. Nxd5 Bxd5 18. exd4 Re8 19. Bc4 Bxc4 20. bxc4 Qd6 21. Qb3
Qxd4 22. Qxb7 Ne5 23. c5 a5 24. Qb3+ Kg7 25. Qc3 Qxc3 26. Rxc3 Rd8 27. Rd1 Rd4
28. Ra3 a4 29. Kf1 Kf6 30. Ke2 Ke6 31. Rb1 Kd5 32. Rc3 Nd3 33. Rb8 Nf4+ 34. Kf1
Ke5 35. Re8+ Ne6 36. Ke2 Kd5 37. g3 Rb4 38. Ke3 g5 39. f4 gxf4+ 40. gxf4 Rb7 41.
d3 Rg7 42. dxe4+ fxe4 43. Rxe6 Rg3+ 44. Kd2 Rg2+ 45. Ke3 Kxe6 46. Kxe4 Rxa2 47.
f5+ Kf6 48. Rg3 a3 49. Rg6+ Kf7 50. Rxc6 Ra1 51. Rc7+ Ke8 52. Ra7 a2 53. Ra8+
Kf7 54. c6 Re1+ 55. Kd5 a1=Q 56. Rxa1 Rxa1 57. Kd6 Rd1+ 58. Kc7 Kf6 59. Kb7 Kxf5
60. c7 Rb1+ 61. Ka7 Rc1 62. Kb7 Kg5 63. c8=Q Rxc8 64. Kxc8 Kh4 65. Kd7 Kxh3 66.
Ke6 Kg4 0-1

[Event "World Rapid Team 2023"]
[Site "Dusseldorf GER"]
[Date "2023.08.26"]
[Round "1.8"]
[Board "2"]
[White "Van Foreest, Jorden"]
[Black "Niering, Martin"]
[Result "1-0"]
[WhiteTitle "GM"]
[WhiteElo "2697"]
[BlackElo "2156"]
[WhiteTeam "Chessbrah OFM"]
[BlackTeam "MagdeBurg and Friends"]
[WhiteFideId "1039784"]
[BlackFideId "4612817"]
[EventDate "2023.08.26"]

1. e3 e5 2. c4 Nf6 3. Nc3 Bb4 4. Nge2 O-O 5. a3 Be7 6. d4 d6 7. g3 c6 8. Bg2
Nbd7 9. b4 Re8 10. O-O Nf8 11. d5 cxd5 12. Nxd5 Nxd5 13. Qxd5 Rb8 14. Nc3 Nd7
15. Qd3 Nf6 16. Bb2 Be6 17. Rac1 Qd7 18. Rfd1 Rbc8 19. Nb5 a6 20. Nxd6 Bxd6 21.
Qxd6 Qxd6 22. Rxd6 Rxc4 23. Rxc4 Bxc4 24. Bxb7 Be2 25. f3 h5 26. Kf2 Bb5 27.
Bxa6 Bxa6 28. Rxa6 Rc8 29. Bxe5 Rc2+ 30. Kf1 Nd5 31. Bd4 Rxh2 32. Rd6 Ne7 33. e4
Ra2 34. Ra6 Ng6 35. b5 Rd2 36. b6 1-0

[Event "World Rapid Team 2023"]
[Site "Dusseldorf GER"]
[Date "2023.08.26"]
[Round "1.8"]
[Board "3"]
[White "Katz, Roland"]
[Black "Saric, Ivan"]
[Result "0-1"]
[BlackTitle "GM"]
[WhiteElo "2035"]
[BlackElo "2657"]
[WhiteTeam "MagdeBurg and Friends"]
[BlackTeam "Chessbrah OFM"]
[WhiteFideId "4623916"]
[BlackFideId "14508150"]
[EventDate "2023.08.26"]

1. e4 c5 2. f4 d5 3. Nc3 e6 4. Nf3 Nc6 5. g3 Nf6 6. e5 Nd7 7. Bg2 Be7 8. O-O a6
9. d3 b5 10. h3 Bb7 11. Kh2 Qb6 12. Ne2 h5 13. c3 d4 14. a4 b4 15. cxd4 Nxd4 16.
Nexd4 cxd4 17. b3 h4 18. g4 Rc8 19. Bb2 Rc3 20. Bxc3 dxc3 21. d4 O-O 22. f5 Rd8
23. Qe1 Bxf3 24. Bxf3 Qxd4 25. f6 gxf6 26. exf6 Nxf6 27. g5 Qf4+ 28. Kh1 Rd2 29.
Bg2 Qxg5 30. Rg1 Nh5 31. Rd1 Ng3+ 32. Kh2 Bd6 33. Rxd2 cxd2 34. Qd1 Ne4+ 0-1

[Event "World Rapid Team 2023"]
[Site "Dusseldorf GER"]
[Date "2023.08.26"]
[Round "1.8"]
[Board "4"]
[White "Tari, Aryan"]
[Black "Kuhne, Detlev"]
[Result "1-0"]
[WhiteTitle "GM"]
[WhiteElo "2629"]
[BlackElo "2050"]
[WhiteTeam "Chessbrah OFM"]
[BlackTeam "MagdeBurg and Friends"]
[WhiteFideId "1510045"]
[BlackFideId "4642872"]
[EventDate "2023.08.26"]

1. e4 c6 2. d4 d5 3. exd5 cxd5 4. Bd3 Nc6 5. c3 e5 6. dxe5 Nxe5 7. Bb5+ Nc6 8.
Nf3 Nf6 9. O-O Be7 10. Ne5 Bd7 11. Nxd7 Qxd7 12. Nd2 a6 13. Bd3 O-O 14. Nb3 h6
15. h3 Rad8 16. Be3 Bd6 17. Nd4 Nxd4 18. Bxd4 Nh7 19. h4 Rfe8 20. Qh5 Nf8 21. g3
Bc7 22. Rae1 Rxe1 23. Rxe1 Re8 24. Rxe8 Qxe8 25. Qxd5 Qe1+ 26. Kg2 Qd2 27. Bb6
Bf4 28. gxf4 Qxf4 29. Qe4 Qd6 30. Be3 Ne6 31. Bc4 1-0

[Event "World Rapid Team 2023"]
[Site "Dusseldorf GER"]
[Date "2023.08.26"]
[Round "1.8"]
[Board "5"]
[White "Giebel, Christine"]
[Black "Khademalsharieh, Sarasadat"]
[Result "0-1"]
[BlackTitle "IM"]
[WhiteElo "1830"]
[BlackElo "2488"]
[WhiteTeam "MagdeBurg and Friends"]
[BlackTeam "Chessbrah OFM"]
[WhiteFideId "12926418"]
[BlackFideId "12512214"]
[EventDate "2023.08.26"]

1. e4 e5 2. Nf3 Nc6 3. d4 exd4 4. Nxd4 Nf6 5. Nxc6 bxc6 6. Bd3 d6 7. c4 Be7 8.
Nc3 O-O 9. O-O Nd7 10. f4 Bf6 11. Be3 Re8 12. Qc2 g6 13. Rae1 Bg7 14. f5 Ne5 15.
Be2 a5 16. Kh1 Rb8 17. c5 Qe7 18. Qd2 dxc5 19. Bg5 f6 20. Bh4 Rb4 21. a3 Rd4 22.
Qc2 Red8 23. Rd1 gxf5 24. Bf2 Rxd1 25. Bxd1 Nd3 26. Be3 fxe4 27. Ne2 f5 28. Nf4
Ba6 29. Be2 Be5 30. g3 c4 31. Nh5 Qe6 32. Bg5 Rf8 33. Qd2 Qd5 34. Qe3 Bd4 35.
Nf4 Bxe3 36. Nxd5 Bxg5 0-1